| 000 | 00882cas a22002175a 4500 | ||
|---|---|---|---|
| 001 | E148154 | ||
| 008 | 090805n xxkar w 0 a0eng u | ||
| 035 | _a(Sirsi) u148154 | ||
| 041 | 0 | _aeng | |
| 050 | _a333.33 $2 18 | ||
| 110 | 2 |
_aNewmark Knight Frank _95781 |
|
| 245 | 0 | 0 |
_aUS office property sector _bmarket outlook 2009 _h[electronic resource] |
| 260 |
_aNew York _bNewmark Knight Frank _c[200?]- |
||
| 362 | 0 | _a2009- | |
| 520 | _aDiscusses the office market in the US, giving historic and forecast information on rents and vacancy rates for a range of metropolitan areas. Tables. | ||
| 554 | _aOne per year | ||
| 651 | 4 |
_aUnited States _y1959- |
|
| 690 | _aPROPERTY-COMMERCIAL PROPERTY-COMMERCIAL PROPERTY MARKET | ||
| 856 | 4 | 0 |
_uhttps://www.newmarkkf.com/home/research-center/2009-us-office-report.aspx _zView the report free of charge at www.newmarkkf.com... |
| 942 | _n0 | ||
| 999 |
_c119239 _d119239 |
||